[Event "London Chess Classic: Blitz C"]
[Site "London"]
[Date "2019.12.08"]
[Round "1"]
[White "Patel, Rishi"]
[Black "Jones, Gawain C B"]
[Result "0-1"]
[WhiteElo "1753"]
[BlackElo "2649"]
[PlyCount "44"]
[EventDate "2019.12.08"]
[EventType "swiss (blitz)"]
[EventRounds "11"]
[EventCountry "ENG"]
[SourceTitle "EXT 2021"]
[Source "ChessBase"]
[SourceDate "2020.10.23"]
[SourceVersion "1"]
[SourceVersionDate "2020.10.23"]
[SourceQuality "1"]

1. e4 d6 2. d4 Nf6 3. Bd3 c5 4. c3 Qc7 5. h3 g6 6. Nf3 Bg7 7. Be3 0-0 8. 0-0 e5 9. d5 Nh5 10. g4 Nf4 11. Bxf4 exf4 12. Qc1 f5 13. exf5 gxf5 14. g5 Nd7 15. Qxf4 Ne5 16. Nxe5 dxe5 17. Qh4 e4 18. Be2 Qd8 19. Qg3 f4 20. Qh4 Rf5 21. Kh1 f3 22. Bc4 Qxg5 0-1

[Event "London Classic op 11th"]
[Site "London"]
[Date "2019.11.30"]
[Round "3"]
[White "Patel, Rishi"]
[Black "Pasztor, Balazs"]
[Result "1/2-1/2"]
[WhiteElo "1891"]
[BlackElo "2166"]
[PlyCount "59"]
[EventDate "2019.11.29"]
[EventType "swiss"]
[EventRounds "9"]
[EventCountry "ENG"]
[SourceTitle "CBM 193 Extra"]
[Source "ChessBase"]
[SourceDate "2020.01.31"]
[SourceVersion "1"]
[SourceVersionDate "2020.01.31"]
[SourceQuality "1"]

1. e4 e5 2. Nf3 Nc6 3. Bc4 Bc5 4. 0-0 Nf6 5. d3 d6 6. Be3 Bb6 7. h3 h6 8. Nbd2 Ne7 9. Bb3 c6 10. Bxb6 axb6 11. c3 Ng6 12. d4 b5 13. Re1 0-0 14. Nf1 Qe7 15. Ng3 Nf4 16. Qd2 g6 17. Rad1 Be6 18. dxe5 dxe5 19. Qd6 Qxd6 20. Rxd6 Ne8 21. Rd2 Bxb3 22. axb3 f6 23. Red1 Rf7 24. Ne2 Ne6 25. b4 Re7 26. Nh4 Kf7 27. Rd7 Nf8 28. R7d2 Ne6 29. Rd7 Nf8 30. R7d2 1/2-1/2

[Event "Calvia Amateur op 16th"]
[Site "Calvia"]
[Date "2019.10.07"]
[Round "3"]
[White "Patel, Rishi"]
[Black "Carranza Pons, Ricardo Nelson"]
[Result "1-0"]
[WhiteElo "1831"]
[BlackElo "1613"]
[PlyCount "55"]
[EventDate "2019.10.05"]
[EventType "swiss"]
[EventRounds "9"]
[EventCountry "ESP"]
[SourceTitle "CBM 192 Extra"]
[Source "Chessbase"]
[SourceDate "2019.11.06"]
[SourceVersion "1"]
[SourceVersionDate "2019.11.06"]
[SourceQuality "1"]

1. e4 c5 2. Nf3 Nc6 3. Bb5 g6 4. c3 Bg7 5. d4 cxd4 6. cxd4 Nf6 7. Nc3 0-0 8. 0-0 d6 9. h3 a6 10. Be2 b5 11. a3 Nd7 12. Be3 Bb7 13. Rc1 Rc8 14. Qd2 Na5 15. Nd5 Rxc1 16. Qxc1 Bxd5 17. exd5 Nf6 18. b4 Nc4 19. Bxc4 bxc4 20. Qxc4 Qa8 21. Rc1 Nxd5 22. Qc6 Nxe3 23. fxe3 Bf6 24. e4 Qa7 25. Rc4 Rb8 26. Kh1 Rb6 27. Qe8+ Kg7 28. e5 1-0

[Event "London CSC Weekend U2050 op 10th"]
[Site "London"]
[Date "2018.12.15"]
[Round "3"]
[White "Patel, Rishi"]
[Black "Gardner, Phillip K"]
[Result "1/2-1/2"]
[WhiteElo "1701"]
[BlackElo "1845"]
[PlyCount "65"]
[EventDate "2018.12.14"]
[EventType "swiss"]
[EventRounds "5"]
[EventCountry "ENG"]
[SourceTitle "EXT 2020"]
[Source "ChessBase"]
[SourceDate "2019.10.17"]
[SourceVersion "1"]
[SourceVersionDate "2019.10.17"]
[SourceQuality "1"]

1. e4 c5 2. Nf3 d6 3. Bb5+ Bd7 4. Bxd7+ Qxd7 5. c3 Nf6 6. Qe2 Qc6 7. d3 g6 8. 0-0 Nbd7 9. h3 Bg7 10. Re1 0-0 11. Be3 b5 12. Nbd2 a5 13. Bg5 h6 14. Bh4 g5 15. Bg3 Nh5 16. Bh2 Nf4 17. Bxf4 gxf4 18. Nh4 e6 19. Qg4 Ne5 20. Qe2 Qb6 21. Ndf3 Bf6 22. Nxe5 dxe5 23. Qh5 Bxh4 24. Qxh4 Kh7 25. Qf6 Qc7 26. h4 Rg8 27. h5 Rg5 28. Kf1 Rag8 29. Ke2 Rxh5 30. g4 fxg3 31. fxg3 Rg6 32. Qf2 Qe7 33. Rh1 1/2-1/2